Outcome-based learning manual on the labor code of the Philippines/ (Record no. 364301)
[ view plain ]
| 000 -LEADER | |
|---|---|
| fixed length control field | 00482nam a2200133Ia 4500 |
| 008 - FIXED-LENGTH DATA ELEMENTS--GENERAL INFORMATION | |
| fixed length control field | 200918s9999 xx 000 0 und d |
| 020 ## - INTERNATIONAL STANDARD BOOK NUMBER | |
| International Standard Book Number | 978-971-9645-50-4 |
| 100 ## - MAIN ENTRY--PERSONAL NAME | |
| Personal name | Buenaflor, Roberto C. |
| 245 ## - TITLE STATEMENT | |
| Statement of responsibility, etc | Roberto C. Buenaflor, Hannah T. Tandan-Palmejar |
| Title | Outcome-based learning manual on the labor code of the Philippines/ |
| 260 ## - PUBLICATION, DISTRIBUTION, ETC. (IMPRINT) | |
| Place of publication, distribution, etc | Quezon City: |
| Name of publisher, distributor, etc | Great Books Trading |
| Date of publication, distribution, etc | 2018 |
| 300 ## - PHYSICAL DESCRIPTION | |
| Extent | xviii, 548 pages |
| Dimensions | 22 cm. |
| 650 ## - SUBJECT ADDED ENTRY--TOPICAL TERM | |
| Topical term or geographic name as entry element | Labor laws and regulation |
| 650 ## - SUBJECT ADDED ENTRY--TOPICAL TERM | |
| Topical term or geographic name as entry element | Philippines |
| Withdrawn status | Lost status | Damaged status | Home library | Current library | Shelving location | Date acquired | Source of acquisition | Total Checkouts | Full call number | Barcode | Date last seen | Price effective from | Koha item type |
|---|---|---|---|---|---|---|---|---|---|---|---|---|---|
| College Library | College Library | Filipiniana Section | 09/18/2020 | KQH 6 .B928 2018 | C22479 | 09/18/2020 | 09/18/2020 | Books |